| 000 -LEADER |
| fixed length control field |
00711nam a22002177a 4500 |
| 003 - CONTROL NUMBER IDENTIFIER |
| control field |
OSt |
| 005 - DATE AND TIME OF LATEST TRANSACTION |
| control field |
20191029062532.0 |
| 008 - FIXED-LENGTH DATA ELEMENTS--GENERAL INFORMATION |
| fixed length control field |
180226b xxu||||| |||| 00| 0 spa d |
| 020 ## - INTERNATIONAL STANDARD BOOK NUMBER |
| International Standard Book Number |
9505083211 |
| 040 ## - CATALOGING SOURCE |
| Transcribing agency |
PJ |
| 100 ## - ASIENTO PRINCIPAL - NOMBRE DE PERSONA |
| 9 (RLIN) |
769 |
| Personal name |
López Rosas, José Rafael |
| 245 10 - MENCIÓN DE TÍTULO |
| Título propiamente dicho |
Historia constitucional argentina / |
| Mención de responsabilidad, etc |
José Rafael López Rosas; prólogo de Germán J. Bidart Campos. |
| 250 ## - EDITION STATEMENT |
| Edition statement |
4a. ed. act. |
| 260 ## - PUBLICATION, DISTRIBUTION, ETC. (IMPRINT) |
| Place of publication, distribution, etc |
Buenos Aires : |
| Name of publisher, distributor, etc |
Astrea, |
| Date of publication, distribution, etc |
1992. |
| 300 ## - DESCRIPCION FISICA |
| Extent |
XXIII, 664 p. |
| Dimensions |
20 cm. |
| 500 ## - NOTA GENERAL |
| General note |
Bibliografía y notas al pie de página. |
| 650 #0 - ASIENTO SECUNDARIO DE MATERIA - TERMINO TEMATICO |
| Topical term or geographic name as entry element |
DERECHO CONSTITUCIONAL |
| 9 (RLIN) |
178 |
| 650 #0 - ASIENTO SECUNDARIO DE MATERIA - TERMINO TEMATICO |
| Topical term or geographic name as entry element |
HISTORIA CONSTITUCIONAL |
| 9 (RLIN) |
425 |
| 651 #0 - SUBJECT ADDED ENTRY--GEOGRAPHIC NAME |
| 9 (RLIN) |
232 |
| Geographic name |
ARGENTINA |
| 942 ## - ADDED ENTRY ELEMENTS (KOHA) |
| Source of classification or shelving scheme |
|
| Koha item type |
Libros |
| Classification part |
342(82)(091) |
| Item part |
LOP |